Interactive Pluralism in Asia (Record no. 20178)

MARC details
000 -LEADER
fixed length control field 00334nam a22001337a 4500
020 ## - INTERNATIONAL STANDARD BOOK NUMBER
ISBN 9703374045372
082 ## - DEWEY DECIMAL CLASSIFICATION NUMBER
Classification number 261.250 SIN
100 ## - MAIN ENTRY--AUTHOR NAME
Author name Sinn, Simone
-- Tong Wing-SZE
245 ## - TITLE STATEMENT
Title Interactive Pluralism in Asia
260 ## - PUBLICATION, DISTRIBUTION, ETC. (IMPRINT)
Place of publication Germany
Name of publisher The Lutheren World Fedration
Year of publication 2016
300 ## - PHYSICAL DESCRIPTION
Number of Pages 198
650 ## - SUBJECT ADDED ENTRY--TOPICAL TERM
Topical Term Pluralisim-Asia
942 ## - ADDED ENTRY ELEMENTS (KOHA)
Koha item type Books
Holdings
Home library Current library Date acquired Source of acquisition Cost, normal purchase price Full call number Accession Number Koha item type
Henry Martyn Institute Library Henry Martyn Institute Library 11/29/2016 The Luthren World Fedration 1368.00 261.250 SIN 11-3441 Books
                   Copyright © 2026 | Henry Martyn Institute | Hyderabad | TS-500052 | INDIA | Implemented by hmi.edu.in
Hit-Count:

Powered by Koha